1072 1248 1945 1158 1620 1967 1725 1431 1311 1403 1788 1738 1808 1912 1155 1928 1286 1265 1062 1710 1559 1781 1774 1758 1189 1660 1086 1772 1716 1517 1155 1099 1619 1673 1789 1363 1058 1631 1355 1919 1549 1522 1976 1530 1978 1563 1491 1575 1028 1791 1630 1165 1297 1522 1184 1197 1018 1368 1013 1686 1946 1123 1912 1546 1946 1757 1491 1264 1718 1441 1226 1635 1358 1238 1901 1362 1173 1282 1183 1024 1165 1704 1703 1445 1754 1322 1525 1224 1960 1255 1386 1707 1104 1644 1818 1417 1450 1640 1088 BCNSPRNW ULIB Ver.6.0+V

เปลี่ยนเป็นภาษาไทย

Change to English
 แสดงรายละเอียดบรรณานุกรม
  กลับหน้าหลัก

Brief Record : Get Marc (ISO 2709) : E-mail record : QR code < ปิดหน้าต่าง
LEADER : 00000nam 2200000uu 4500
001    13399122550
003     ULIB
008    020711s2549 th a 000 0 tha d
020    9743414061
020    9789743414060
090    นว.^bอ111พ
100    อาธา คริสตี้,^eเขียน
245    พยานใบ้./^cอาธา คริสตี้;เขียน,เปี่ยมสุข;แปล
250    พิมพ์ครั้งที่ 1
260    กรุงเทพฯ :^bสร้างสรรค์บุ๊คส์,^c2549
300    334 หน้า
700    เปี่ยมสุข,^eแปล
945    ^p140^l0^i19998
999    ^aทศพร เกษรทอง
รายการนี้ยังไม่มีแท็ก
คุณยังไม่ได้ล็อกอิน คุณสามารถมีกิจกรรมร่วมกับเว็บไซต์ได้ แต่ต้องล็อกอินก่อน ::
  ล็อกอิน

รายการสื่อสารสนเทศ

ลำดับที่ ประเภท เลขเรียก/บาร์โค้ด สถานที่ สถานะ
1. นวนิยาย
นวนิยาย
นว. อ111พ ฉ.1 
  Barcode: 19998
ห้องสมุดวิทยาเขตสวรรค์ประชารักษ์
►นวนิยาย
บนชั้น
  ขอยืม

BibComment


ยังไม่เคยถูกคอมเมนท์

คอมเมนท์ทรัพยากรรายการนี้
  คอมเมนท์: พยานใบ้ อาธา คริส..


 Copyright 2026. Bcnsprnw @Library